000 03903cam a22007214i 4500
001 u52209
003 PE-LiUPU
005 20250731180149.0
008 150706s2013 mx a rb 001 0 spa d
020 _a6071714060
020 _a9786071714060
035 _a(Sirsi) i9786071714060
040 _aPE-LiUPU
_bspa
_cPE-LiUPU
_erda
_dPE-LiUPU
049 _aPRUA
082 0 4 _a519.50711
_bC28
_221
100 1 _aCastillo Morales, Alberto,
_eautor.
245 1 0 _aEstadística aplicada /
_cAlberto Castillo Morales.
264 1 _aMéxico :
_bTrillas,
_c2013.
300 _a01 CD-ROM
300 _a336 páginas :
_bilustraciones ;
_c24 centimetros
336 _atext
_2rdacontent
337 _aunmediated
_2rdamedia
338 _avolume
_2rdacarrier
504 _aBibliografía: páginas 329.
504 _aÍndices: páginas 331-336.
505 0 _aConceptos básicos -- Tablas, gráficas y estadísticos -- Variables aleatorias -- Estimación -- Pruebas de hipótesis estadísticas -- Regresión lineal -- Análisis de varianza y diseños experimentales.
526 _aSEG44
526 _aSEG26
526 _aP159
526 _aP155
526 _aP154
526 _aP153
526 _aP150
526 _aP100
526 _aP31
526 _aP30
526 _aP26
526 _aP25
526 _aP24
526 _aP22
526 _aP15
526 _aP10
541 _g0001-0042198;
541 _g001-0039187;
541 _FAdministración;
541 _g015-0015322;
596 _a1 2 3
650 0 4 _aEstadística
_xEstudio y enseñanza (Superior).
910 _adbm
_bjpc
_cjpc
_d20171031
910 _cbd
_d20120522
942 _2ddc
_cBOOK
949 _a519.50711 C28 2013
_wDEWEY
_c1
_iFJ04078
_d2017-6-5
_e2017-6-1
_f2017-12-28
_g1
_lCCODEBUJ1
_mBUJ
_n1
_p33.00
_r0
_sY
_tBOOK
_u2015-10-12
_xFCE
_PP04
_0COMPRA
_o.STAFF. Colección General Juliaca
949 _a519.50711 C28
_wDEWEY
_c1
_i67227
_d2016-10-18
_e2016-10-18
_kCHECKEDOUT
_lLOST
_mBUL
_n11
_p33.00
_rM
_sY
_tBOOK
_u2015-7-6
_xINGENIERIA
_zUNKNOWN
_0COMPRA
_o.STAFF. Colección Ingeniería y Arquitectura
949 _a519.50711 C28
_wDEWEY
_c1
_iFT03028
_lCCODEBUT1
_mBUT
_p27.81
_r0
_sY
_tBOOK
_u2015-10-19
_xINGENIERIA
_PP24
_0COMPRA
_o.STAFF. Colección General
949 _a519.50711 C28
_wDEWEY
_c2
_i76366
_d2018-5-24
_f2018-2-12
_g1
_lCCODEBUL1
_mBUL
_p33.00
_q2
_r0
_sY
_tBOOK
_u2017-10-31
_xINGENIERIA
_PP25
_0COMPRA
_o.STAFF. Colección Ingeniería y Arquitectura
949 _a519.50711 C28
_wDEWEY
_c3
_i76960
_d2018-5-3
_e2017-11-9
_f2018-3-14
_g2
_lCCODEBUL1
_mBUL
_n1
_p33.00
_q1
_r0
_sY
_tBOOK
_u2017-10-31
_xINGENIERIA
_PP25
_0COMPRA
_o.STAFF. Colección Ingeniería y Arquitectura
994 _aC0
_bPEPRU
999 _a519.50711 C28
_wDEWEY
_c54816
_i67227
_d54816
_e2016-10-18
_f2021-11-5
_g2
_lCCODEBUL1
_mBUL
_n11
_p33.00
_r0
_sY
_tBOOK
_u2015-7-6
_xBIBLIOTECA
_PP25
_0COMPRA
_o.STAFF. Colección Ingeniería y Arquitectura
999 _a519.50711 C28
_wDEWEY
_c2
_i76366
_d2018-5-24
_f2021-11-5
_g4
_lCCODEBUL1
_mBUL
_p33.00
_q2
_r0
_sY
_tBOOK
_u2017-10-31
_xBIBLIOTECA
_PP25
_0COMPRA
_o.STAFF. Colección Ingeniería y Arquitectura
999 _a519.50711 C28
_wDEWEY
_c3
_i76960
_d2018-10-1
_e2017-11-9
_f2021-11-5
_g5
_lCCODEBUL1
_mBUL
_n1
_p33.00
_q2
_r0
_sY
_tBOOK
_u2017-10-31
_xBIBLIOTECA
_PP25
_0COMPRA
_o.STAFF. Colección Ingeniería y Arquitectura
999 _a519.50711 C28 2013
_wDEWEY
_c1
_iFJ04078
_d2019-3-18
_e2019-3-15
_f2022-1-19
_g4
_lCCODEBUJ1
_mBUJ
_n3
_p33.00
_q7
_r0
_sY
_tBOOK
_u2015-10-12
_xFCE
_PP04
_0COMPRA
_o.STAFF. Colección General Juliaca
999 _a519.50711 C28
_wDEWEY
_c1
_iFT03028
_d2018-10-26
_e2018-10-25
_f2019-2-20
_g1
_lCCODEBUT1
_mBUT
_n2
_p27.81
_r0
_sY
_tBOOK
_u2015-10-19
_xINGENIERIA
_PP24
_0COMPRA
_o.STAFF. Colección General
980 _81
_gALBERTO SANCHEZ Responsable de Automatización